Beauty And The Geek Quiz Stats

 Plays Quiz not verified by Sporcle

Score 0/48 Timer 10:00
0 Plays Today
Beauty Or Geek Beauty Or Geek % Correct
ErikaJoe
66.7%
MindiRichard
66.7%
NicoleSam
66.7%
TaraJoe
66.7%
CaitilinChuck
53.3%
JoshCher
53.3%
CecilleNate
53.3%
MeganScooter
53.3%
ScarletShawn
46.7%
BrandonAmanda
46.7%
TysonThai
46.7%
TonyAmanda
46.7%
WesSarah
40%
AndreaMatt
40%
JennyleeNiels
40%
WilliamJen
40%
LeticiaMatt
40%
CaraChris
40%
AnkurJennipher
33.3%
JoeBrittany
33.3%
ShereePiao
33.3%
NadiaMario
33.3%
WillRebecca
33.3%
LukeKatie
33.3%
Beauty Or Geek Beauty Or Geek % Correct
JesseErin
33.3%
DavidJasmine
33.3%
Eliminated Without PartnerJohn
33.3%
AmandaTommy
33.3%
KrystalBrad
26.7%
Lauren Bill
26.7%
ToriSanjay
26.7%
ErinDrew
26.7%
JoshHollie
26.7%
JohnNatalie
26.7%
JoshuaShay
26.7%
Eliminated Without PartnerJonathan
26.7%
CherylEric
20%
ChrisTristin
20%
KarlDanielle
20%
Eliminated Without PartnerAmber
20%
Eliminated Without PartnerJillian
20%
TiffanyJim
20%
RandiGreggy
20%
KristinaJason
20%
6.7%
6.7%
6.7%
6.7%

You're not logged in!

Compare scores with friends on all Sporcle quizzes.
OR
Log In

Show Comments

Extras

Created Mar 1, 2012ReportNominate
Tags:beauty, geek

Top Quizzes Today


Score Distribution

Your Account Isn't Verified!

In order to create a playlist on Sporcle, you need to verify the email address you used during registration. Go to your Sporcle Settings to finish the process.

Report this User

Report this user for behavior that violates our Community Guidelines.

Details: